Statistics for Basque Quiz

Click here to take the quiz!

General Stats

  • This quiz has been taken 262 times
    (261 since last reset)
  • The average score is 9 of 14

Answer Stats

HintAnswer% Correct
Largest cityBilbao
95%
Basque is related to how many European languages?0
87%
City that hosts the Running of the bulls during the San Fermín festivalPamplona
83%
Town whose bombing in the Spanish Civil War was depicted by PicassoGuernica
78%
Modern building in the largest city, designed by Frank GehryGuggenheim Museum
78%
Separatist group that employed terrorism until 2010ETA
75%
This football club only uses players of Basque descentAthletic Bilbao
68%
Basque name for its languageEuskara
64%
Spanish city that was struck by train bombings in 2004. The government initially believed they were carried out by above mentioned group.Madrid
64%
Bay named for a Basque cityBay of Biscay
60%
Sport often played with rackets and fast flying ballsPelota
53%
Beach town known for surfing, casinos, and rich and royal visitorsBiarritz
36%
Fictional native of that region who joins the three musketeersd'Artagnan
28%
Region of Southwestern France whose name derives from the same root as BasqueGascony
27%

Score Distribution

Percentile by Number Answered

Percent of People with Each Score

Your Score History

You have not taken this quiz since the last reset